| 000 | 00754nam a2200265 a 4500 | ||
|---|---|---|---|
| 001 | 000030050 | ||
| 003 | DO-SdBNP | ||
| 005 | 20230601094526.0 | ||
| 007 | ta | ||
| 008 | 110428s1958 dr 000 p spa d | ||
| 040 |
_aDO-SdBNP _bspa _cBNPHU _erda |
||
| 049 | _aBNPD | ||
| 082 | 4 |
_bL791f _222 |
|
| 100 | 1 |
_aLlanes, Manuel, _d1898-1976 _956758 _eautor |
|
| 245 | 1 | 0 |
_aEl fuego / _cManuel Llanes. |
| 260 |
_aCiudad Trujillo, República Dominicana : _bEditorial Stella, _c1953. |
||
| 300 |
_a25 páginas ; _c31 cm. |
||
| 336 |
_2rdacontent _atexto _btxt |
||
| 337 |
_2rdamedia _asin mediación _bn |
||
| 338 |
_2rdacarrier _avolumen _bnc |
||
| 490 |
_aLa isla necesaria _v4 |
||
| 590 | _aInventariado, 2023/BT | ||
| 910 | _aBtavárez | ||
| 942 |
_2ddc _cLF2 |
||
| 999 |
_c29542 _d29542 |
||